000 00287nam a22001337a 4500
008 170210b xxu||||| |||| 00| 0 eng d
020 _a09167309604
041 _aeng
080 _a618.2
100 _a4
101 _aSHM
245 _aNURSE REFERENCE LIBRARY
_cJACKSON
942 _2udc
_cBK
999 _c5165
_d5165